[Event "Colmenarejo Autumn op"]
[Site "Colmenarejo"]
[Date "2016.10.16"]
[Round "4"]
[White "Centeno Mendoza, Julio Stefano"]
[Black "Pena Negueruela, Francisco"]
[Result "0-1"]
[WhiteElo "1041"]
[BlackElo "1296"]
[PlyCount "115"]
[EventDate "2016.09.25"]
[EventType "swiss"]
[EventRounds "7"]
[EventCountry "ESP"]
[SourceTitle "EXT 2019"]
[Source "ChessBase"]
[SourceDate "2018.10.10"]
[SourceVersion "1"]
[SourceVersionDate "2018.10.10"]
[SourceQuality "1"]

1. e4 e5 2. Nf3 Nc6 3. Bb5 d6 4. 0-0 Bd7 5. Bxc6 Bxc6 6. Nc3 Nf6 7. d3 h6 8. b4 a5 9. b5 Bd7 10. d4 Bg4 11. dxe5 dxe5 12. Qxd8+ Rxd8 13. h3 Bxf3 14. gxf3 Bb4 15. Na4 0-0 16. a3 Bd2 17. Bxd2 Rxd2 18. Rac1 b6 19. Nb2 Nd7 20. Nc4 Rd4 21. Rfd1 f6 22. c3 Rxd1+ 23. Rxd1 Nc5 24. Nb2 Ne6 25. c4 Nd4 26. a4 Nxf3+ 27. Kg2 Ng5 28. Rd7 Rc8 29. Rd5 Nxe4 30. f3 Nc3 31. Rd3 Ne2 32. Kf2 Nf4 33. Rc3 Nxh3+ 34. Kg3 Ng5 35. c5 bxc5 36. Rxc5 Ne6 37. Rc6 Nd8 38. Ra6 Nb7 39. b6 cxb6 40. Rxb6 Rb8 41. Nc4 Rc8 42. Rxb7 Rxc4 43. Rb8+ Kh7 44. Rb5 Rxa4 45. Kf2 g5 46. Ke3 Kg6 47. Rb8 h5 48. Rg8+ Kf5 49. Rh8 h4 50. Kf2 Ra2+ 51. Ke1 a4 52. Kd1 a3 53. Ra8 h3 54. Ke1 h2 55. Rh8 Ra1+ 56. Kd2 h1Q 57. Rxh1 Rxh1 58. Ke2 0-1

[Event "Colmenarejo Autumn op"]
[Site "Colmenarejo"]
[Date "2015.09.27"]
[Round "2"]
[White "Fraga Suarez, Roberto"]
[Black "Pena Negueruela, Francisco"]
[Result "1-0"]
[WhiteElo "1828"]
[BlackElo "1352"]
[PlyCount "85"]
[EventDate "2015.09.20"]
[EventType "swiss"]
[EventRounds "7"]
[EventCountry "ESP"]
[SourceTitle "EXT 2019"]
[Source "ChessBase"]
[SourceDate "2018.10.10"]
[SourceVersion "1"]
[SourceVersionDate "2018.10.10"]
[SourceQuality "1"]

1. e4 e5 2. Nf3 Nc6 3. Bb5 Bd6 4. 0-0 Nd4 5. Bc4 Qf6 6. Ne1 b5 7. Bd3 a6 8. c3 Ne6 9. a4 b4 10. Bc4 a5 11. d3 Nc5 12. Nf3 h6 13. d4 exd4 14. cxd4 Nxe4 15. Bd5 Nxf2 16. Rxf2 Rb8 17. Ne5 Qh4 18. Rf4 Qg5 19. Rxf7 Qh4 20. Rf4 Qg5 21. Re4 Qf5 22. Bf7+ Kf8 23. Bg6 Qf6 24. Rf4 Ke7 25. Rxf6 Nxf6 26. Qb3 Rf8 27. Qe3 Nd5 28. Qe1 c5 29. dxc5 Bxc5+ 30. Kh1 Ba6 31. Nc4+ Kd8 32. Qh4+ Kc7 33. Nbd2 Rf4 34. Qg3 Rbf8 35. h4 d6 36. Nf3 Rxc4 37. b3 Rc3 38. Bb2 Rc2 39. Bxc2 Ne3 40. Qxg7+ Kc6 41. Be4+ d5 42. Ne5+ Kd6 43. Qxf8+ 1-0

[Event "Colmenarejo Autumn op"]
[Site "Colmenarejo"]
[Date "2014.09.28"]
[Round "1"]
[White "Pena Negueruela, Francisco"]
[Black "Fraga Suarez, Roberto"]
[Result "0-1"]
[WhiteElo "1372"]
[BlackElo "1810"]
[PlyCount "52"]
[EventDate "2014.09.28"]
[EventType "swiss"]
[EventRounds "7"]
[EventCountry "ESP"]
[SourceTitle "EXT 2019"]
[Source "ChessBase"]
[SourceDate "2018.10.10"]
[SourceVersion "1"]
[SourceVersionDate "2018.10.10"]
[SourceQuality "1"]

1. e4 Nf6 2. d3 d6 3. h3 c5 4. Nc3 Nc6 5. Nf3 e6 6. Bg5 Be7 7. Qd2 a6 8. a3 Qc7 9. 0-0-0 0-0 10. Be2 Rd8 11. Qf4 b5 12. d4 cxd4 13. Nxd4 e5 14. Qh4 Nxd4 15. Bd3 Ne6 16. Nd5 Nxd5 17. exd5 Bxg5+ 18. Kb1 Bxh4 19. dxe6 Bxe6 20. g3 Bf6 21. h4 Qa5 22. Be4 d5 23. Bg2 b4 24. Rd3 Rac8 25. Rhd1 bxa3 26. Rxa3 Qxa3 0-1